00642nam a2200205 i 4500001000300000100002400003245009300027260003200120300004600152490000700198650001700205655001800222830000700240020001500247040000800262041000800270080001900278008004100297856009800338bg1 aJeruzal, Krzysztof.10aVisual Basic nie tylko dla wtajemniczonych :bdźwięk i grafika /cKrzysztof Jeruzal. aWarszawa :b"Mikom",c2003. a121, [1] s. :bil. ;c24 cm +edyskietka.1 aBP 9aVisual Basic aPodręczniki aBP a8372793379 cBPK0 apol a004.438(07)A/Z s pl f |000 0 pol  uhttp://koha.tu.koszalin.pl/cgi-bin/koha/opac-detail.pl?biblionumber=43356yKatalog online BPK